شخصيات وكتب أثرت في حياتي : (Record no. 14232)
[ view plain ]
| 000 -الفاتح | |
|---|---|
| حقل البيانات ثابتة الطول | 01134nam a22002897a 4500 |
| 003 - محدد رقم الضبط | |
| رقم الضبط | EG-ScBUE |
| 005 - وقت وتاريخ اخر تعامل مع التسجيلة | |
| رقم الضبط | 20210527095428.0 |
| 008 - عناصر البيانات ثابتة الطول - معلومات عامة | |
| حقل البيانات ثابتة الطول | 100627s1985 ua f 000 e ara d |
| 017 ## - رقم الإيداع القانونى | |
| رقم الإيداع القانونى | 85/4383 |
| 020 ## - الرقم الدولى المعيارى للكتب | |
| الرقم الدولى المعيارى للكتاب | 9771430319 |
| 040 ## - مصدر الفهرسة | |
| وكالة الفهرسة الأصلية | EG-ScBUE |
| لغة الفهرسة | ara |
| قواعد الوصف | rda |
| وكالة النسخ | EG-ScBUE |
| وكالة التعديل | EG-ScBUE |
| 082 04 - رقم تصنيف ديوى العشرى | |
| رقم التصنيف | 892.746 |
| رقم المادة | ن د و |
| رقم الطبعة | 22 |
| 100 1# - المدخل الرئيسى - إسم شخصى | |
| 9 (RLIN) | 15280 |
| الإسم الشخصى | الندوي، أبو الحسن علي الحسني، |
| التواريخ المصاحبة للاسم | 1913-1999، |
| الدور | مؤلف. |
| 245 10 - بيان العنوان | |
| العنوان | شخصيات وكتب أثرت في حياتي : |
| بقية العنوان | مجموعة مقالات كتبت في أوقات نختلفة / |
| بيان المسئوليه,etc | أبو الحسن الندوي. |
| 250 ## - بيان الطبعة | |
| بيان الطبعة | الطبعة الأولى. |
| 264 #1 - النشر، التوزيع | |
| مكان الناشر او الموزع | القاهرة : |
| اسم الناشر او الموزع | دار الصحوة للنشر والتوزيع، |
| تاريخ النشر أو التوزيع | 1985. |
| 300 ## - الوصف المادى | |
| التعداد | 165 صفحة ؛ |
| أبعاد الوعاء | 20 سم |
| 336 ## - نوع المحتوى | |
| source | rdacontent |
| Carrier Type Term | نص |
| Content Type Code | txt |
| 337 ## - نوع الوسيط | |
| source | rdamedia |
| Media Type Term | بدون وسيط |
| Media Type Code | n |
| 338 ## - نوع الحامل أو الناقل | |
| source | rdacarrier |
| Carrier Type Term | مجلد |
| Carrier Type Code | nc |
| 541 ## - تبصرة المصدر المباشر للتزويد | |
| مصدر التزويد | علاء عبد الغني ؛ |
| طريقة التزويد | إهداء ؛ |
| 650 #7 - المدخل الاضافى بالموضوع-مصطلح موضوعى | |
| 9 (RLIN) | 14988 |
| مصطلح موضوعي أو اسم جغرافي كعنصر مدخل | المقالات العربية |
| التقسيم الفرعي العام | مجموعات. |
| مصدر الرأس أو المصطلح | BUEsh |
| 651 ## - المدخل الاضافى بالموضوع - اسم جغرافى | |
| مصدر الرأس أو المصطلح | BUEsh |
| 653 ## - مصطلح تكشيفى غير مقيد | |
| Resource For college | Arabic Literature |
| Arrived date list | May2021 |
| 655 ## - مصطلح تكشيفى-نوع/شكل | |
| التقسيم الفرعي الشكلي | Reading book |
| -- | 34232 |
| 942 ## - عناصر المدخل الإضافي( كوها) | |
| مصدر التصنيف او مخطط الترفيف | Dewey Decimal Classification |
| Koha [default] item type | Book - Borrowing |
| حالة التراجع | حالة الفقد | مصدر التصنيف او خطة الترفيف | حالة تلف | ليس للاعارة | مجموعات كوها | المكان الدائم | المكان الحالي | موقع الترفيف | تاريخ الاكتساب | Source of acquisition | رقم الاستدعاء | الباركود | Date last seen | مُعار | نوع الوعاء |
|---|---|---|---|---|---|---|---|---|---|---|---|---|---|---|---|
| Dewey Decimal Classification | Donation-Gift | Central Library | Central Library | Second Floor | 27/06/2010 | Donation | 892.746 ن د و | 000021219 | 15/07/2025 | 27/04/2013 | Book - Borrowing |